UFC Mens Rankings (Every Division) - Statistics

General Stats
  • This quiz has been taken 29 times
  • The average score is 43 of 128
Answer Stats
Flyweight-Heavyweight Answer % Correct
Champion (Flyweight) Joshua Van
86%
Champion (Featherweight) Alexander Volkanovski
76%
Champion (Bantamweight) Petr Yan
76%
3 Sean O'Malley
76%
1 Alexandre Pantoja
71%
2 Diego Lopes
71%
Champion (Lightweight) Ilia Topuria
71%
1 (Interim Champion) Justin Gaethje
71%
3 Charles Oliveira
67%
Champion (Welterweight) Islam Makhachev
67%
Champion (Middleweight) Khamzat Chimaev
67%
3 Sean Strickland
67%
1 Dricus Du Plessis
62%
4 Israel Adesanya
62%
4 Max Holloway
62%
6 Paddy Pimblett
62%
2 Arman Tsarukyan
57%
5 Benoît Saint Denis
57%
3 Carlos Ulberg
57%
1 Jack Della Maddalena
52%
2 Jiří Procházka
52%
3 Lerone Murphy
52%
13 Michael Chandler
52%
1 Movsar Evloev
52%
5 Song Yadong
52%
Champion (Heavyweight) Tom Aspinall
52%
2 Umar Nurmagomedov
52%
5 Carlos Prates
48%
7 Dan Hooker
48%
2 Ian Machado Garry
48%
6 Jean Silva
48%
7 Kamaru Usman
48%
2 Manel Kape
48%
9 Mauricio Ruffy
48%
1 Merab Dvalishvili
48%
3 Michael Morales
48%
7 Anthony Hernandez
43%
4 Belal Muhammad
43%
9 Brandon Moreno
43%
4 Brandon Royval
43%
1 Ciryl Gane
43%
8 Leon Edwards
43%
1 Magomed Ankalaev
43%
2 Nassourdine Imavov
43%
10 Rafael Fiziev
43%
3 Tatsuro Taira
43%
5 Aljamain Sterling
38%
5 Caio Borralho
38%
9 Derrick Lewis
38%
14 Joe Pyfer
38%
14 Kevin Vallejos
38%
6 Sean Brady
38%
4 Yair Rodriguez
38%
8 Arnold Allen
33%
6 Brendan Allen
33%
4 Cory Sandhagen
33%
7 Jamahal Hill
33%
11 Josh Emmett
33%
13 Raul Rosas Jr.
33%
8 Reinier de Ridder
33%
11 Renato Moicano
33%
15 Tai Tuivasa
33%
2 Alexander Volkov
29%
12 Beneil Dariush
29%
10 Brian Ortega
29%
14 Charles Johnson
29%
9 Joaquin Buckley
29%
10 Marlon Vera
29%
8 Mateusz Gamrot
29%
11 Payton Talbott
29%
3 Sergei Pavlovich
29%
Champion (Light Heavyweight)Answer: Vacated Vacated
29%
6 Aiemann Zahabi
24%
6 Azamat Murzakanov
24%
9 David Martinez
24%
7 Deiveson Figueiredo
24%
10 Dominick Reyes
24%
12 Johnny Walker
24%
4 Khalil Rountree Jr.
24%
5 Kyoji Horiguchi
24%
8 Mario Bautista
24%
12 Steve Erceg
24%
9 Steve Garcia
24%
12 Uroš Medić
24%
5 Waldo Cortes Acosta
24%
7 Asu Almabayev
19%
8 Bogdan Guskov
19%
15 Bruno Silva
19%
15 Farès Ziam
19%
10 Gabriel Bonfim
19%
11 Gilbert Burns
19%
12 Gregory Rodrigues
19%
5 Jan Błachowicz
19%
8 Marcin Tybura
19%
13 Michael Page
19%
13 Paulo Costa
19%
9 Robert Whittaker
19%
6 Serghei Spivac
19%
9 Volkan Oezdemir
19%
7 Youssef Zalal
19%
10 Alex Perez
14%
8 Amir Albazi
14%
15 Brunno Ferreira
14%
14 Colby Covington
14%
4 Curtis Blaydes
14%
15 Daniel Rodriguez
14%
15 David Onama
14%
10 Jared Cannonier
14%
6 Lone’er Kavanagh
14%
14 Manuel Torres
14%
12 Melquizael Costa
14%
12 Mick Parkin
14%
14 Montel Jackson
14%
13 Nikita Krylov
14%
13 Patricio Pitbull
14%
11 Roman Dolidze
14%
11 Tallison Teixeira
14%
14 Valter Walker
14%
11 Aleksandar Rakić
10%
10 Ante Delija
10%
14 Dustin Jacoby
10%
13 Shamil Gaziev
10%
11 Tim Elliott
10%
12 Vinicius Oliveira
10%
15 Farid Basharat
5%
7 Rizvan Kuniev
5%
15 Zhang Mingyang
5%
13 Tagir Ulanbekov
0%
No matching quizzes found
Score Distribution
Percent of People with Each Score
Percentile by Number Answered
Your Score History
You have not taken this quiz